000 01895cam a22004814i 4500
003 PE-LiUPU
005 20250731173033.0
008 150623s r 000 0 d
020 _a0801022169
035 _a(Sirsi) i9780801022166
040 _aPE-LiUPU
_bspa
_cPE-LiUPU
_erda
049 _aPRUA
082 0 4 _a232.901
_bB85J
_221
100 1 _aBruggen, Jacob van,
_eautor.
245 1 0 _aJesus the son of God :
_bthe gospel narratives as message /
_cJakob van Bruggen ; traducido por Nancy Forest-Flier.
264 1 _aGrand Rapids, MI :
_bBaker Books,
_c1999.
300 _a307 páginas ;
_c23 centímetros
336 _atext
_2rdacontent
337 _aunmediated
_2rdamedia
338 _avolume
_2rdacarrier
504 _aIncluye bibliografía.
505 0 _aThe stage set: The jews of the first century. -The stage lighting: John the baptist. -The works of God in Israel. -The self-presentation of the son of man. -The recognition of the son of God. -Rejection and suffering: The path of sacrifice, -A new phase for the people of God. -With Spirit and with fire-the future of the son of God.
526 _aSEG42
526 _aSEG41
526 _aSEG40
526 _aSEG39
526 _aP94
526 _aP87
526 _aP86
526 _aP85
526 _aP77
526 _aP76
526 _aP35
600 1 _aJesucristo
_xEnseñanzas
_9933
600 1 _aJesucristo
_xPersona y oficio
630 _aBiblia.
_pN.T.
_pEvangelios
_xTEOLOGIA.
942 _2ddc
_cBOOK
949 _a232.901 B85J
_wDEWEY
_c1
_i48209
_lCCODEBUL1
_mBUL
_r0
_sY
_tBOOK
_u2015-6-24
_xTEOLOGIA
_PP35
_0COMPRA
_o.STAFF. Colección General
994 _aC0
_bPEPRU
596 _a1
999 _a232.901 B85J
_wDEWEY
_c25183
_i48209
_f2021-11-10
_g5
_lCCODEBUL1
_mBUL
_r0
_sY
_tBOOK
_u2015-6-24
_xTEOLOGIA
_PP35
_0COMPRA
_o.STAFF. Colección General
_d25183
980 _81
_gALBERTO SANCHEZ Responsable de Automatización